00899nam a2200253 a 450000100060000000300080000600500170001400800410003102000320007203500190010404000320012304100080015508200250016324500580018826000310024630000330027750400390031065000540034965000490040370000300045294200120048299900170049495201340051166210BD-RjUL20211209081518.0830907s1984 nyua b 001 0 eng  a0471095761 :c$29.50 (est.) a(BD-RjUL)66340 aDLCcDLCdDLCdBD-RjULbeng aeng00223a616.12bGUI 198404aThe Guide to cardiology /cedited by Robert A. Kloner aNew York :bWiley,cc1984. axv, 624 p. :bill. ;c23 cm. aIncludes bibliographies and index. 0aHeartxDiseasesxHandbooks, manuals, etc.9195923 0aCardiologyxHandbooks, manuals, etc.91959241 aKloner, Robert A.9195925 2ddccBK c66210d66210 00102ddc40718NFICaRUCLbRUCLcReadingd1991-01-01eCandag0.00l0o616.12 GUI 1984r2017-03-15 00:00:00tC-1w2017-03-15yBK